[Event "St Petersburg Blitz"]
[Site "St Petersburg"]
[Date "2021.12.12"]
[Round "7"]
[White "Levin, Evgeny A"]
[Black "Popov, Valerij"]
[Result "0-1"]
[WhiteElo "2485"]
[BlackElo "2537"]
[PlyCount "94"]
[EventDate "2021.12.12"]
[EventType "tourn (blitz)"]
[EventRounds "21"]
[EventCountry "RUS"]
[EventCategory "11"]
[SourceTitle "CBM 205 Extra"]
[Source "ChessBase"]
[SourceDate "2022.01.31"]
[SourceVersion "1"]
[SourceVersionDate "2022.01.31"]
[SourceQuality "1"]

1. d4 d5 2. Nf3 Nf6 3. Bg5 Ne4 4. Bf4 Bg4 5. e3 e6 6. h3 Bh5 7. Be2 c5 8. c3 Nc6 9. Nbd2 Nxd2 10. Qxd2 Bd6 11. Bxd6 Qxd6 12. 0-0 0-0 13. Rad1 Rfd8 14. Rfe1 Rac8 15. Nh4 Bxe2 16. Qxe2 a6 17. Nf3 h6 18. Rd2 cxd4 19. exd4 b5 20. a3 Rc7 21. Rd3 a5 22. Re3 Rb8 23. b4 Qd7 24. Nh4 Qd8 25. Qg4 axb4 26. axb4 Ra8 27. Qg3 Rac8 28. Nf5 Qg5 29. Qxg5 hxg5 30. Ng3 Nd8 31. Ne2 Ra7 32. f4 gxf4 33. Nxf4 Ra3 34. Rc1 Nc6 35. Nd3 Nxd4 36. Nc5 Nf5 37. Rf3 Rca8 38. g4 Nh4 39. Rf2 Ra1 40. Rxa1 Rxa1+ 41. Kh2 Ng6 42. Kg3 Ra3 43. Rc2 d4 44. Ne4 Ne5 45. Kf4 Nd3+ 46. Kg3 Nxb4 47. Rb2 dxc3 0-1

[Event "St Petersburg Blitz"]
[Site "St Petersburg"]
[Date "2021.12.12"]
[Round "11"]
[White "Lintchevski, Daniil"]
[Black "Popov, Valerij"]
[Result "1-0"]
[WhiteElo "2570"]
[BlackElo "2537"]
[PlyCount "65"]
[EventDate "2021.12.12"]
[EventType "tourn (blitz)"]
[EventRounds "21"]
[EventCountry "RUS"]
[EventCategory "11"]
[SourceTitle "CBM 205 Extra"]
[Source "ChessBase"]
[SourceDate "2022.01.31"]
[SourceVersion "1"]
[SourceVersionDate "2022.01.31"]
[SourceQuality "1"]

1. e4 e5 2. Nf3 Nc6 3. d4 exd4 4. Nxd4 Bc5 5. Nxc6 Qf6 6. Qf3 Qxf3 7. gxf3 bxc6 8. Nd2 d6 9. Nb3 Bb6 10. a4 a6 11. Be3 Ne7 12. 0-0-0 Bxe3+ 13. fxe3 f5 14. e5 dxe5 15. Bc4 Rf8 16. Rd2 f4 17. e4 Ng6 18. Rg1 Ke7 19. h4 Kf6 20. Rh2 a5 21. Nc5 Ne7 22. h5 Rb8 23. c3 Rh8 24. b3 Ra8 25. Kb2 Rd8 26. Rhg2 g6 27. hxg6 Nxg6 28. Rh2 Rh8 29. Rh6 Kg7 30. Rh5 h6 31. Be6 Kf6 32. Rf5+ Kg7 33. Rf7+ 1-0

[Event "St Petersburg Blitz"]
[Site "St Petersburg"]
[Date "2021.12.12"]
[Round "20"]
[White "Popov, Valerij"]
[Black "Novik, Maxim"]
[Result "0-1"]
[WhiteElo "2537"]
[BlackElo "2430"]
[PlyCount "80"]
[EventDate "2021.12.12"]
[EventType "tourn (blitz)"]
[EventRounds "21"]
[EventCountry "RUS"]
[EventCategory "11"]
[SourceTitle "CBM 205 Extra"]
[Source "ChessBase"]
[SourceDate "2022.01.31"]
[SourceVersion "1"]
[SourceVersionDate "2022.01.31"]
[SourceQuality "1"]

1. d4 Nf6 2. c4 g6 3. f3 c5 4. d5 e6 5. e4 exd5 6. cxd5 d6 7. Bg5 Bg7 8. Qd2 0-0 9. Ne2 h6 10. Be3 h5 11. Nec3 a6 12. a4 Nbd7 13. Na3 Ne5 14. Be2 Nh7 15. 0-0 f5 16. exf5 Bxf5 17. Rae1 Qh4 18. Bf4 Rae8 19. g3 Qd8 20. Rd1 g5 21. Be3 Bh3 22. Rf2 Qe7 23. Nc2 Bf5 24. Re1 Ng6 25. Nd1 h4 26. Bd3 hxg3 27. hxg3 Qf7 28. Bf1 Qf6 29. Bg2 Ne5 30. b3 Nd3 31. Ree2 Nxf2 32. Rxf2 Qg6 33. Na3 g4 34. f4 Nf6 35. Nc3 Ne4 36. Nxe4 Bxe4 37. Nc4 b5 38. axb5 axb5 39. Na3 Bxg2 40. Kxg2 Qe4+ 0-1

[Event "St Petersburg Blitz"]
[Site "St Petersburg"]
[Date "2021.12.12"]
[Round "12"]
[White "Popov, Valerij"]
[Black "Shimanov, Aleksandr"]
[Result "0-1"]
[WhiteElo "2537"]
[BlackElo "2581"]
[PlyCount "92"]
[EventDate "2021.12.12"]
[EventType "tourn (blitz)"]
[EventRounds "21"]
[EventCountry "RUS"]
[EventCategory "11"]
[SourceTitle "CBM 205 Extra"]
[Source "ChessBase"]
[SourceDate "2022.01.31"]
[SourceVersion "1"]
[SourceVersionDate "2022.01.31"]
[SourceQuality "1"]

1. c4 e6 2. g3 d5 3. Bg2 Nf6 4. Nf3 Nbd7 5. d3 Bd6 6. 0-0 0-0 7. Nc3 c6 8. cxd5 exd5 9. e4 dxe4 10. dxe4 Ne5 11. Nxe5 Bxe5 12. Be3 Qe7 13. h3 Be6 14. Qc2 Rfd8 15. Rfd1 Bc7 16. Rxd8+ Bxd8 17. Na4 Nd7 18. f4 f6 19. Rd1 Bc7 20. a3 a5 21. Rd2 Qf7 22. Nc5 Nxc5 23. Qxc5 Rd8 24. Rxd8+ Bxd8 25. f5 Bb3 26. Bf4 Qd7 27. Kh2 a4 28. e5 fxe5 29. Qxe5 Bf6 30. Qe2 Qe7 31. Qd2 h6 32. g4 Kh7 33. Bf3 c5 34. Kg3 b5 35. Kg2 b4 36. axb4 cxb4 37. Bd6 Qd8 38. Qxb4 Bxb2 39. Be4 Bf6 40. h4 Kh8 41. g5 hxg5 42. hxg5 Bxg5 43. Bc6 Bh6 44. Kf3 Qg5 45. Qb8+ Kh7 46. Be4 Qe3+ 0-1

[Event "RUS-chT Rapid"]
[Site "Sochi"]
[Date "2021.10.16"]
[Round "7.1"]
[White "Popov, Valerij"]
[Black "Popov, Ivan1111"]
[Result "1/2-1/2"]
[WhiteElo "2537"]
[BlackElo "2629"]
[PlyCount "79"]
[EventDate "2021.10.15"]
[EventType "team-swiss (rapid)"]
[EventRounds "9"]
[EventCountry "RUS"]
[SourceTitle "CBM 204 Extra"]
[Source "ChessBase"]
[SourceDate "2021.11.30"]
[SourceVersion "1"]
[SourceVersionDate "2021.11.30"]
[SourceQuality "1"]
[WhiteTeam "St Petersburg SShOR"]
[BlackTeam "Moscow Sbornaja"]
[WhiteTeamCountry "RUS"]
[BlackTeamCountry "RUS"]

1. d4 d5 2. c4 c6 3. Nf3 Nf6 4. Nc3 dxc4 5. a4 Bf5 6. e3 e6 7. Bxc4 Bb4 8. 0-0 0-0 9. Qe2 Bg6 10. Ne5 Nbd7 11. Nxg6 hxg6 12. Rd1 Qc7 13. Qc2 Rac8 14. h3 c5 15. d5 exd5 16. Nxd5 Nxd5 17. Bxd5 Nb6 18. Bf3 Rfd8 19. Bd2 Bxd2 20. Rxd2 Rxd2 21. Qxd2 Nc4 22. Qc3 Nd6 23. Rd1 b6 24. Rd5 Ne8 25. Qd2 Nf6 26. Rd6 Qe7 27. Qd3 Qe5 28. b3 Qa1+ 29. Kh2 Qb2 30. Be2 Qe5+ 31. f4 Qe7 32. Bf3 Re8 33. Bc6 Rc8 34. e4 Ne8 35. Bxe8 Rxe8 36. e5 g5 37. Rd7 Qe6 38. Rd6 Qe7 39. Rd7 Qe6 40. Rd6 1/2-1/2

[Event "RUS-chT Rapid"]
[Site "Sochi"]
[Date "2021.10.16"]
[Round "9.3"]
[White "Popov, Valerij"]
[Black "Vetokhin, Savva"]
[Result "1-0"]
[WhiteElo "2537"]
[BlackElo "2339"]
[PlyCount "89"]
[EventDate "2021.10.15"]
[EventType "team-swiss (rapid)"]
[EventRounds "9"]
[EventCountry "RUS"]
[SourceTitle "CBM 204 Extra"]
[Source "ChessBase"]
[SourceDate "2021.11.30"]
[SourceVersion "1"]
[SourceVersionDate "2021.11.30"]
[SourceQuality "1"]
[WhiteTeam "St Petersburg SShOR"]
[BlackTeam "Moscow Molodezhka"]
[WhiteTeamCountry "RUS"]
[BlackTeamCountry "RUS"]

1. Nf3 Nf6 2. c4 e6 3. Nc3 d5 4. d4 Bb4 5. cxd5 exd5 6. Bg5 0-0 7. e3 c6 8. Qc2 Nbd7 9. Bd3 h6 10. Bh4 Re8 11. 0-0 Be7 12. Bg3 Nf8 13. Rab1 Bd6 14. Bxd6 Qxd6 15. b4 a6 16. a4 b5 17. Rfc1 N8d7 18. a5 Bb7 19. Rb3 Re7 20. Ne2 Ne4 21. Ng3 Nxg3 22. hxg3 g6 23. Ne1 h5 24. Be2 Kg7 25. Nd3 Rh8 26. Kf1 h4 27. gxh4 Rxh4 28. g3 Rh2 29. Kg1 Rh7 30. Kg2 Re8 31. Rbb1 Reh8 32. Rh1 Qe6 33. Nf4 Qd6 34. Rxh7+ Rxh7 35. Bf3 Nf6 36. Qc5 Qd7 37. Rh1 Rxh1 38. Kxh1 g5 39. Nd3 Qf5 40. Ne5 g4 41. Qe7 Qb1+ 42. Kh2 Qh7+ 43. Kg1 Qb1+ 44. Bd1 Qxd1+ 45. Kg2 1-0

[Event "RUS-chT Blitz"]
[Site "Sochi"]
[Date "2021.10.14"]
[Round "10.5"]
[White "Drygalov, Andrey"]
[Black "Popov, Valerij"]
[Result "1-0"]
[WhiteElo "2508"]
[BlackElo "2537"]
[PlyCount "50"]
[EventDate "2021.10.14"]
[EventType "team-swiss (blitz)"]
[EventRounds "13"]
[EventCountry "RUS"]
[SourceTitle "CBM 204 Extra"]
[Source "ChessBase"]
[SourceDate "2021.11.30"]
[SourceVersion "1"]
[SourceVersionDate "2021.11.30"]
[SourceQuality "1"]
[WhiteTeam "Cheliabinsk Yuzhnyy Ural"]
[BlackTeam "St Petersburg SShOR"]
[WhiteTeamCountry "RUS"]
[BlackTeamCountry "RUS"]

1. e4 c6 2. Nf3 d5 3. d3 Bg4 4. h3 Bh5 5. g4 Bg6 6. h4 f6 7. h5 Bf7 8. e5 Nd7 9. d4 e6 10. Bd3 c5 11. c3 Qb6 12. Qe2 0-0-0 13. a4 cxd4 14. cxd4 fxe5 15. Nxe5 Bb4+ 16. Nc3 Nxe5 17. Qxe5 Nf6 18. f3 Nd7 19. Qxg7 Rhf8 20. Bd2 Bg8 21. Be2 Rf7 22. Qh6 Qxd4 23. 0-0-0 Nc5 24. Kb1 Qe5 25. Nb5 Rf6 1-0

[Event "RUS-ch Rapid"]
[Site "Sochi"]
[Date "2021.10.13"]
[Round "7"]
[White "Popov, Valerij"]
[Black "Ekdyshman, Mikhail"]
[Result "1-0"]
[WhiteElo "2537"]
[BlackElo "2315"]
[PlyCount "99"]
[EventDate "2021.10.12"]
[EventType "swiss (rapid)"]
[EventRounds "11"]
[EventCountry "RUS"]
[SourceTitle "CBM 204 Extra"]
[Source "ChessBase"]
[SourceDate "2021.11.30"]
[SourceVersion "1"]
[SourceVersionDate "2021.11.30"]
[SourceQuality "1"]

1. e4 c5 2. Ne2 d6 3. g3 g6 4. Bg2 Bg7 5. c3 h5 6. h3 Nf6 7. d4 Nc6 8. 0-0 h4 9. g4 Nxg4 10. dxc5 Nf6 11. cxd6 exd6 12. Na3 0-0 13. Bg5 Be6 14. Bxh4 Qa5 15. Nf4 Rfe8 16. Bg3 Rad8 17. Re1 b5 18. Nc2 b4 19. cxb4 Nxb4 20. Nxe6 Rxe6 21. Nd4 Ree8 22. a3 Qb6 23. axb4 Nh5 24. Ne2 Nxg3 25. Nxg3 Bxb2 26. Rb1 Bc3 27. Re3 Bxb4 28. Ne2 d5 29. Nf4 d4 30. Reb3 a5 31. Nd5 Qc5 32. Nxb4 axb4 33. Rxb4 Re7 34. Rb5 Qc3 35. Rc1 Qa3 36. Rb3 Qa5 37. Rd3 Qe5 38. Qd2 g5 39. Rd1 Red7 40. Qe2 Kg7 41. Qg4 Rd6 42. h4 Rg6 43. Qf5 Qe7 44. hxg5 Rxg5 45. Qf4 Rd6 46. Rg3 Rxg3 47. Qxg3+ Rg6 48. Qf4 Qc5 49. e5 Qd5 50. Qf6+ 1-0

[Event "RUS-ch Rapid"]
[Site "Sochi"]
[Date "2021.10.13"]
[Round "9"]
[White "Popov, Valerij"]
[Black "Pershin, Denis"]
[Result "1-0"]
[WhiteElo "2537"]
[BlackElo "2388"]
[PlyCount "72"]
[EventDate "2021.10.12"]
[EventType "swiss (rapid)"]
[EventRounds "11"]
[EventCountry "RUS"]
[SourceTitle "CBM 204 Extra"]
[Source "ChessBase"]
[SourceDate "2021.11.30"]
[SourceVersion "1"]
[SourceVersionDate "2021.11.30"]
[SourceQuality "1"]

1. c4 Nf6 2. Nf3 e6 3. Nc3 d5 4. d4 Bb4 5. cxd5 exd5 6. Bg5 h6 7. Bh4 0-0 8. e3 Bf5 9. Qa4 c5 10. dxc5 Nc6 11. Bb5 g5 12. Bxc6 Bxc3+ 13. bxc3 bxc6 14. Nxg5 hxg5 15. Bxg5 Kg7 16. Qf4 Kg6 17. g4 Bc2 18. h4 Re8 19. h5+ Kg7 20. h6+ Kh7 21. Bxf6 Qd7 22. f3 Bg6 23. Bd4 Qe7 24. Kf2 Rab8 25. Kg3 a5 26. Rh2 a4 27. Rah1 a3 28. Rh5 Rg8 29. Re5 Qd8 30. Rf5 Qe7 31. Rf6 Rb2 32. Rh2 Rxh2 33. Kxh2 Ra8 34. Kg3 Ra7 35. Rxc6 Rb7 36. Rc8 Qd8 1-0

[Event "RUS-ch Blitz"]
[Site "Sochi"]
[Date "2021.10.11"]
[Round "7"]
[White "Popov, Valerij"]
[Black "Makarian, Rudik"]
[Result "1/2-1/2"]
[WhiteElo "2537"]
[BlackElo "2470"]
[PlyCount "35"]
[EventDate "2021.10.11"]
[EventType "swiss (blitz)"]
[EventRounds "13"]
[EventCountry "RUS"]
[SourceTitle "CBM 204 Extra"]
[Source "ChessBase"]
[SourceDate "2021.11.30"]
[SourceVersion "1"]
[SourceVersionDate "2021.11.30"]
[SourceQuality "1"]

1. Nf3 d5 2. d4 Nf6 3. c4 e6 4. e3 dxc4 5. Bxc4 a6 6. 0-0 c5 7. dxc5 Bxc5 8. Qxd8+ Kxd8 9. Be2 Nc6 10. Bd2 Ne4 11. Rc1 Nxd2 12. Rxc5 Ne4 13. Rc2 Ke7 14. Nbd2 Nxd2 15. Rxd2 Bd7 16. Ng5 Rhd8 17. Rad1 Be8 18. a3 1/2-1/2

[Event "RUS-ch Blitz"]
[Site "Sochi"]
[Date "2021.10.11"]
[Round "4"]
[White "Shubin, Kirill"]
[Black "Popov, Valerij"]
[Result "1-0"]
[WhiteElo "2463"]
[BlackElo "2537"]
[PlyCount "60"]
[EventDate "2021.10.11"]
[EventType "swiss (blitz)"]
[EventRounds "13"]
[EventCountry "RUS"]
[SourceTitle "CBM 204 Extra"]
[Source "ChessBase"]
[SourceDate "2021.11.30"]
[SourceVersion "1"]
[SourceVersionDate "2021.11.30"]
[SourceQuality "1"]

1. e4 c5 2. Nf3 a6 3. g3 b5 4. Bg2 Bb7 5. Qe2 g6 6. 0-0 Bg7 7. c3 Nc6 8. d3 d6 9. Be3 e5 10. Rd1 Nf6 11. d4 cxd4 12. cxd4 Qe7 13. dxe5 dxe5 14. Nc3 0-0 15. Nd5 Nxd5 16. exd5 Na5 17. d6 Qd7 18. Bb6 Nc4 19. Bc7 e4 20. Nd4 Nxd6 21. Bxd6 Qxd6 22. Nxb5 Qb4 23. Nd6 Rab8 24. Nxb7 Rxb7 25. Qxe4 Qxe4 26. Bxe4 Rxb2 27. Bd5 Re8 28. Bb3 Re7 29. Rd8+ Bf8 30. Rc1 Kg7 1-0

[Event "RUS-chT 28th"]
[Site "Sochi"]
[Date "2021.05.10"]
[Round "9.4"]
[White "Sarana, Alexey"]
[Black "Popov, Valerij"]
[Result "1/2-1/2"]
[WhiteElo "2649"]
[BlackElo "2535"]
[PlyCount "41"]
[EventDate "2021.05.01"]
[EventType "tourn"]
[EventRounds "9"]
[EventCountry "RUS"]
[SourceTitle "CBM 202"]
[Source "ChessBase"]
[SourceDate "2021.06.30"]
[SourceVersion "1"]
[SourceVersionDate "2021.06.30"]
[SourceQuality "1"]
[WhiteTeam "Moscow Chess Team"]
[BlackTeam "St Petersburg SSHOR"]
[WhiteTeamCountry "RUS"]
[BlackTeamCountry "RUS"]

1. d4 d5 2. c4 c6 3. Nf3 Nf6 4. Nc3 dxc4 5. a4 Bf5 6. Ne5 e6 7. f3 Bb4 8. Nxc4 0-0 9. Kf2 c5 10. Na2 Nc6 11. Nxb4 Nxb4 12. e4 Bxe4 13. fxe4 Nxe4+ 14. Kg1 Rc8 15. Qe2 Qd5 16. dxc5 Rfd8 17. Be3 Nxc5 18. h4 Nb3 19. Ra3 Nd4 20. Qd2 Rxc4 21. Bxc4 1/2-1/2

[Event "Lipetsk Winter Cup rapid"]
[Site "Lipetsk"]
[Date "2020.01.18"]
[Round "5"]
[White "Popov, Valerij"]
[Black "Kokarev, Dmitry"]
[Result "1/2-1/2"]
[WhiteElo "2535"]
[BlackElo "2611"]
[PlyCount "43"]
[EventDate "2020.01.17"]
[EventType "swiss (rapid)"]
[EventRounds "11"]
[EventCountry "RUS"]
[SourceTitle "CBM 194 Extra"]
[Source "ChessBase"]
[SourceDate "2020.03.31"]
[SourceVersion "1"]
[SourceVersionDate "2020.03.31"]
[SourceQuality "1"]

1. d4 Nf6 2. c4 g6 3. Nc3 Bg7 4. e4 d6 5. Be2 0-0 6. Be3 Na6 7. Nf3 e5 8. 0-0 c6 9. d5 Ng4 10. Bg5 f6 11. Bh4 c5 12. Ne1 Nh6 13. f3 Nf7 14. a3 Bh6 15. Kh1 Bd7 16. Rb1 Qe7 17. b4 b6 18. Bd3 Rfc8 19. Qe2 Kg7 20. Nc2 Rab8 21. Rb2 Rb7 22. Ne3 1/2-1/2

[Event "Lipetsk Winter Cup rapid"]
[Site "Lipetsk"]
[Date "2020.01.17"]
[Round "4"]
[White "Popov, Valerij"]
[Black "Barbashin, Igor"]
[Result "1-0"]
[WhiteElo "2535"]
[BlackElo "2169"]
[PlyCount "95"]
[EventDate "2020.01.17"]
[EventType "swiss (rapid)"]
[EventRounds "11"]
[EventCountry "RUS"]
[SourceTitle "CBM 194 Extra"]
[Source "ChessBase"]
[SourceDate "2020.03.31"]
[SourceVersion "1"]
[SourceVersionDate "2020.03.31"]
[SourceQuality "1"]

1. d4 Nf6 2. c4 g6 3. Nc3 Bg7 4. e4 d6 5. Be2 0-0 6. Nf3 e5 7. Be3 exd4 8. Nxd4 Re8 9. f3 c6 10. Bf2 Nbd7 11. 0-0 Nh5 12. Qd2 Be5 13. g3 Bg7 14. Rad1 Qc7 15. Rfe1 Ne5 16. Kg2 Nf6 17. b3 Ned7 18. Bf1 Ne5 19. Be2 Ned7 20. Be3 Ne5 21. Nc2 Bf8 22. Bg5 Ned7 23. g4 Bg7 24. Bf4 Ne5 25. Qxd6 Qxd6 26. Rxd6 Nfd7 27. Nd1 Bf8 28. Rd2 a5 29. Be3 Nc5 30. Nf2 f5 31. exf5 gxf5 32. g5 Ng6 33. f4 a4 34. b4 Ne4 35. Nxe4 Rxe4 36. Kf3 Nh4+ 37. Kf2 Ng6 38. Bd3 Rxf4+ 39. Bxf4 Nxf4 40. Bf1 Ne6 41. h4 h6 42. c5 Nc7 43. Bc4+ Kg7 44. gxh6+ Kxh6 45. Rd8 Bg7 46. Re7 Bf6 47. Rd6 Be6 48. Rxc7 1-0

[Event "Lipetsk Winter Cup rapid"]
[Site "Lipetsk"]
[Date "2020.01.17"]
[Round "1"]
[White "Tatarinova, Elena"]
[Black "Popov, Valerij"]
[Result "0-1"]
[WhiteElo "1823"]
[BlackElo "2535"]
[PlyCount "72"]
[EventDate "2020.01.17"]
[EventType "swiss (rapid)"]
[EventRounds "11"]
[EventCountry "RUS"]
[SourceTitle "CBM 194 Extra"]
[Source "ChessBase"]
[SourceDate "2020.03.31"]
[SourceVersion "1"]
[SourceVersionDate "2020.03.31"]
[SourceQuality "1"]

1. c4 e5 2. Nc3 Nc6 3. g3 f5 4. Bg2 Nf6 5. d3 d6 6. Nf3 g6 7. 0-0 Bg7 8. Rb1 0-0 9. b4 h6 10. b5 Ne7 11. Qc2 g5 12. a4 Kh8 13. Ba3 Rb8 14. c5 Be6 15. Rfc1 b6 16. cxd6 cxd6 17. e4 Rc8 18. Qe2 f4 19. h3 Qd7 20. Kh2 Ng6 21. Nd2 g4 22. hxg4 Nxg4+ 23. Kg1 h5 24. Nf3 Bh6 25. Rc2 fxg3 26. fxg3 Be3+ 27. Kh1 Bf2 28. Bc1 Bxg3 29. Bd2 h4 30. Be1 Nf4 31. Qf1 Ne3 32. Bxg3 hxg3 33. Qc1 Nxc2 34. Qxc2 Bh3 35. Rc1 Bxg2+ 36. Kg1 Qh3 0-1

[Event "EU-ch blitz"]
[Site "Tallinn"]
[Date "2019.12.07"]
[Round "17"]
[White "Andriasian, Zaven"]
[Black "Popov, Valerij"]
[Result "1-0"]
[WhiteElo "2766"]
[BlackElo "2547"]
[PlyCount "61"]
[EventDate "2019.12.07"]
[EventType "swiss (blitz)"]
[EventRounds "22"]
[EventCountry "EST"]
[SourceTitle "CBM 193 Extra"]
[Source "ChessBase"]
[SourceDate "2020.01.31"]
[SourceVersion "1"]
[SourceVersionDate "2020.01.31"]
[SourceQuality "1"]

1. e4 c6 2. d3 d5 3. Nd2 e5 4. Ngf3 Bd6 5. g3 Nf6 6. Bg2 0-0 7. 0-0 Re8 8. Re1 dxe4 9. dxe4 Qc7 10. a4 Bg4 11. Nc4 Bc5 12. Ne3 Bh5 13. Nf5 Nbd7 14. h3 Rad8 15. Qe2 a5 16. Bg5 h6 17. Bd2 Qb6 18. b3 Nf8 19. Rad1 Bxf3 20. Qxf3 N8h7 21. h4 h5 22. Bh3 g6 23. Ne3 Bb4 24. Nc4 Qc7 25. c3 Be7 26. Be3 Rxd1 27. Rxd1 b5 28. Nb2 Ba3 29. Nd3 Rd8 30. Rd2 Rd6 31. c4 1-0

[Event "EU-ch blitz"]
[Site "Tallinn"]
[Date "2019.12.07"]
[Round "10"]
[White "Burg, Brent"]
[Black "Popov, Valerij"]
[Result "1/2-1/2"]
[WhiteElo "2284"]
[BlackElo "2547"]
[PlyCount "112"]
[EventDate "2019.12.07"]
[EventType "swiss (blitz)"]
[EventRounds "22"]
[EventCountry "EST"]
[SourceTitle "CBM 193 Extra"]
[Source "ChessBase"]
[SourceDate "2020.01.31"]
[SourceVersion "1"]
[SourceVersionDate "2020.01.31"]
[SourceQuality "1"]

1. d4 d5 2. Nf3 Nf6 3. g3 c5 4. c3 Nc6 5. Bg2 Bf5 6. 0-0 e6 7. Bg5 h6 8. Bxf6 Qxf6 9. e3 Bd6 10. Nbd2 0-0 11. Rc1 Rfd8 12. dxc5 Bxc5 13. Nb3 Bb6 14. Qe2 Bh7 15. Rfd1 a6 16. c4 dxc4 17. Qxc4 Qxb2 18. Nbd4 Rdc8 19. Qa4 Qb4 20. Qxb4 Nxb4 21. Ne5 Rxc1 22. Rxc1 Nxa2 23. Ra1 Nb4 24. Bxb7 Ra7 25. Bf3 a5 26. Nb5 Re7 27. Kg2 f6 28. Nc4 Bd8 29. Nxa5 Bd3 30. Nd4 Ra7 31. Nab3 Rxa1 32. Nxa1 e5 33. Ne6 Be7 34. Nb3 Kf7 35. Nec5 Bc4 36. Nd2 Ba2 37. Nce4 f5 38. Nc3 e4 39. Be2 Be6 40. Bc4 Bf6 41. Bxe6+ Kxe6 42. Ne2 g5 43. Nb3 Nd3 44. Nbd4+ Ke5 45. Nc6+ Ke6 46. Ncd4+ Bxd4 47. Nxd4+ Ke5 48. Nc6+ Kf6 49. Nd4 Ke5 50. Nc6+ Kd5 51. Nd4 f4 52. gxf4 gxf4 53. Nf5 Ne1+ 54. Kf1 Nf3 55. Nxh6 fxe3 56. fxe3 Nxh2+ 1/2-1/2

[Event "EU-ch blitz"]
[Site "Tallinn"]
[Date "2019.12.07"]
[Round "21"]
[White "Demidov, Mikhail"]
[Black "Popov, Valerij"]
[Result "1-0"]
[WhiteElo "2631"]
[BlackElo "2547"]
[PlyCount "91"]
[EventDate "2019.12.07"]
[EventType "swiss (blitz)"]
[EventRounds "22"]
[EventCountry "EST"]
[SourceTitle "CBM 193 Extra"]
[Source "ChessBase"]
[SourceDate "2020.01.31"]
[SourceVersion "1"]
[SourceVersionDate "2020.01.31"]
[SourceQuality "1"]

1. d4 d5 2. Nf3 Nf6 3. Bf4 e6 4. e3 c5 5. dxc5 Bxc5 6. Be2 Nc6 7. 0-0 0-0 8. c4 d4 9. exd4 Nxd4 10. Nc3 Nxe2+ 11. Qxe2 Bd7 12. Ne5 Bc6 13. Nxc6 bxc6 14. Rad1 Qa5 15. Bd6 Rfd8 16. Bxc5 Qxc5 17. Rxd8+ Rxd8 18. Rd1 Rd4 19. Rxd4 Qxd4 20. h3 h6 21. g3 g5 22. Qf3 c5 23. Qa8+ Kg7 24. Qxa7 Qxc4 25. Qb7 Nd5 26. Qb5 Qd4 27. Qb3 Nb4 28. Qd1 Qxd1+ 29. Nxd1 Nxa2 30. Kf1 Kf6 31. Ke2 Ke5 32. Kd3 Kd6 33. Ne3 Nb4+ 34. Kc4 Nd5 35. Ng4 h5 36. Nh6 f6 37. Ng8 h4 38. Nh6 hxg3 39. fxg3 f5 40. Nf7+ Kc6 41. Nxg5 e5 42. h4 f4 43. gxf4 exf4 44. h5 Nf6 45. h6 f3 46. Nxf3 1-0

[Event "EU-ch blitz"]
[Site "Tallinn"]
[Date "2019.12.07"]
[Round "14"]
[White "Popov, Valerij"]
[Black "Schneider, Ilja"]
[Result "1-0"]
[WhiteElo "2547"]
[BlackElo "2483"]
[PlyCount "91"]
[EventDate "2019.12.07"]
[EventType "swiss (blitz)"]
[EventRounds "22"]
[EventCountry "EST"]
[SourceTitle "CBM 193 Extra"]
[Source "ChessBase"]
[SourceDate "2020.01.31"]
[SourceVersion "1"]
[SourceVersionDate "2020.01.31"]
[SourceQuality "1"]

1. c4 c6 2. Nf3 d5 3. e3 Nf6 4. Nc3 a6 5. h3 e6 6. b3 b5 7. d4 Nbd7 8. Be2 Bd6 9. 0-0 0-0 10. Bb2 Qe7 11. Qc2 Bb7 12. e4 dxe4 13. Nxe4 Nxe4 14. Qxe4 Nf6 15. Qh4 bxc4 16. bxc4 c5 17. Rab1 h6 18. dxc5 Bxc5 19. Bxf6 gxf6 20. Qxh6 Be4 21. Rb3 Rfd8 22. Nh4 Qc7 23. Kh1 Bf8 24. Qxf6 Bg7 25. Qg5 Qe5 26. Qxe5 Bxe5 27. Re3 f5 28. Bf3 Bxf3 29. Nxf3 Bf4 30. Rxe6 Rac8 31. g3 Bb8 32. Rc1 Rd3 33. Kg2 Ra3 34. Rc2 Kf7 35. Ng5+ Kg7 36. h4 f4 37. g4 Ra5 38. Ne4 Kf7 39. Rb6 Ra3 40. g5 f3+ 41. Kh3 Rd3 42. h5 Rd4 43. Rf6+ Ke7 44. Ng3 Be5 45. Nf5+ Kd7 46. Nxd4 1-0